| 000 | 00747nac a22001931u 4500 | ||
|---|---|---|---|
| 010 | _a 73157171 | ||
| 020 | _a0407727205 | ||
| 082 | 0 | 0 |
_a616.15 _bSa491 |
| 090 |
_c3640 _d3640 |
||
| 100 | _aSamson, Philip, | ||
| 245 | 1 | 0 |
_aGlossary of haematological and serological terms _c[by] P. Samson. Under the general editorship of F. J. Baker. |
| 260 |
_aNew York, _bAppleton-Century-Crofts,1972 _c[c1972] |
||
| 300 |
_av, 118 p. _billus. _c22 cm. |
||
| 500 | _aDonations - Bibliotheca Alexandrina | ||
| 650 | 0 |
_aHematology _xTerminology. |
|
| 650 | 0 |
_aSerology _xTerminology. |
|
| 942 |
_cBB _k616.15Sa491 |
||
| 999 |
_c3640 _d3640 |
||